000 00433nam a2200145 i 4500
001 101220
003 ES-MaACL
007 t|
008 051014s1984 xxk ||||1| eng d
100 1 _aMaykut, Madelaine O.
_979375
245 1 0 _aHealth consequences of acute and chronic marihuana use /
_cMadelaine O. Maykut.
260 _aOxford :
_bPergamon,
_c1984.
300 _aVII, 328 p. ;
_c26 cm.
852 _aES-MaACL
_jL-7259
_bR.107891
999 _c101220
_d101220